| 000 | 00646nam a2200193Ia 4500 | ||
|---|---|---|---|
| 999 |
_c29530 _d29530 |
||
| 003 | GCL | ||
| 005 | 20240530102048.0 | ||
| 008 | 140319s1991 ua 000 0 ara d | ||
| 040 |
_aGCL / _cGCL |
||
| 082 | 0 | 4 |
_a239/ _bا ى |
| 100 | 0 | _aابراهيم على ابو الخشب | |
| 245 | 1 | 0 |
_aيا رسول الله/ _cتاليف ابراهيم على ابو الخشب |
| 260 |
_aالقاهرة : _bالهيئة المصرية العامة للكتاب، _c1991. |
||
| 300 |
_a 270 ص. ، _c24 سم. |
||
| 650 | 0 | 4 |
_aالاسلام _2qrmak |
| 650 | 0 | 4 |
_aالسيرة النبوية _2qrmak |
| 650 | 0 | 4 |
_aالديانات _2qrmak |
| 942 |
_2ddc _cBK |
||